| 000 | 00971nam a2200289Ia 4500 | ||
|---|---|---|---|
| 001 | Para_5783 | ||
| 003 | CHAP | ||
| 008 | 220125s1987 xx 000 0 und d | ||
| 010 | _a204278 | ||
| 040 | _cCHAP | ||
| 082 | _aPA 338.76363 S4 1987 | ||
| 111 |
_aSeminario Nacional sobre la Agroindustria en México (1: 1987: Chapingo, Méx.) _9104225 |
||
| 245 |
_aMemoria : _b trabajos presentados / _c por UACh. Programa Integración Agricultura-Industria |
||
| 260 |
_aChapingo, Méx. : _b La Universidad |
||
| 300 | _a2v. | ||
| 500 | _aPrograma Integración Agricultura- Industria | ||
| 650 |
_aIndustrias Agrícolas _x Congresos _957939 |
||
| 710 |
_aLa agroindustria en México _9170230 |
||
| 710 |
_aUACh. Programa Integración Agricultura _xIndustria _9170231 |
||
| 901 | _aPA 338.76363 S4 1987 | ||
| 902 | _aA | ||
| 905 | _a0000001987 0000000000 00 | ||
| 910 | _a1987 | ||
| 942 | _cPARA | ||
| 942 |
_cPARA _d1 |
||
| 999 |
_c204278 _d204278 |
||